000 00280nam a22001217a 4500
008 170526b xxu||||| |||| 00| 0 eng d
041 _aeng
080 _a625.7/.8
100 _a25
101 _aIM
245 _aFEDERAL AVIATION REGULATIONS
_cJEPPESEN SANDERSON
942 _2udc
_cBK
999 _c14432
_d14432